000 00533nam a2200181Ia 4500
999 _c3450
_d3450
020 _a0-521-56354-2
082 _a320.011 CAM-
245 0 _aCambridge history of twentieth-century political thought
260 _aCambridge
_bCambridge University Press
_c2003
300 _axi, 754p.
504 _aIncludes bibliography and index
650 _aPolitical science - History - 20th century
650 _aPolitical thought
650 _aHistory - 20th century
700 _aBall, Terence
700 _aBellamy, Richard
942 _cBK